00355nam a2200121Ia 4500008004100000041000800041082001600049100002200065245005400087260003100141300001900172520004200191240719s9999 xx 000 0 und d aeng a658.300 NIJ aNijjer, Shivinder aPredictive Analytics In Human Resource Management aNew YorkbRoutledge,c2021 a215;. P. 22 Cm aFaculty Purchase By Dr. Senthil Kumar